[Event "BEL-chT 0708"]
[Site "Belgium"]
[Date "2008.01.20"]
[Round "7.4"]
[White "Mikhalevski, Victor"]
[Black "Giffard, Nicolas"]
[Result "1-0"]
[WhiteElo "2632"]
[BlackElo "2387"]
[Annotator "Mikhalevski,V"]
[PlyCount "81"]
[EventDate "2007.09.30"]
[EventType "team-tourn"]
[EventRounds "11"]
[EventCountry "BEL"]
[SourceTitle "CBM 123"]
[Source "ChessBase"]
[SourceDate "2008.04.02"]
[SourceVersion "1"]
[SourceVersionDate "2008.04.02"]
[SourceQuality "1"]
[WhiteTeam "Bredene"]
[BlackTeam "Brussels"]
[WhiteTeamCountry "BEL"]
[BlackTeamCountry "BEL"]

1. d4 Nf6 2. c4 e6 3. g3 d5 4. Nf3 Bb4+ 5. Bd2 Be7 6. Bg2 O-O 7. O-O c6 8. Bf4
Nbd7 (8... b6 9. Nc3 Bb7 10. Rc1 {1/2-1/2 Leko,P (2749)-Aronian,L (2744)/
Morelia/Linares 2007/CBM 117/[Marin,M] (46). is a rather popular line these
days.}) 9. Nc3 Nh5 10. Bc1 Nhf6 {Black offers to transpose to the regular
Catalan with 4...Be7.} 11. b3 {I didn't mind.} ({White has other options such
as for example} 11. Qd3 {1/2-1/2 Eljanov,P (2681)-Asrian,K (2623)/Kemer 2007/
CBM 121/[Marin,M] (31)}) 11... b6 12. Qc2 ({White can also try to play without
12.Qc2:} 12. Nd2 {1/2-1/2 Roiz,M (2560)-Lputian,S (2634)/Mallorca 2004/CBM 104
(20)}) 12... Ba6 13. Rd1 Rc8 14. Bf4 {The bishop comes back to f4, from where
it controls some important squares.} Nh5 {Disturbing the bishop again.} 15. Bc1
Nhf6 16. e4 {After all attempts to play without e4 failed I eventually decided
to go for it.} dxc4 17. Bf4 {Van Wely introduced this move in 2001.The idea
behind it is very simple: White maintains tension b3-c4 since 17...cxb3 loses
the a7-pawn and 17...Nh5 is not a problem anymore as the bishop can return to
e3. Moreover Black has to find a useful move.} ({After} 17. bxc4 Bxc4 18. Nd2
Ba6 19. Qa4 Bd3 $15 {White's compensation for the pawn is probably not enough.}
) 17... Qe8 {Black takes his queen away from the d-file in anticipation of the
central break d5. Now the game transposes to the earlier Qe8, which after e4
dxc4 leads to the text.} (17... b5 {1/2-1/2 Rustemov,A (2589)-Mitkov,N (2493)/
Chalkidiki 2002/CBM 092/[Gershon] (42).}) (17... Bb4 {1-0 Van Wely,L (2670)
-Tkachiev,V (2672)/Enghien les Bains 2001/CBM 083/[Rabinovich,Al] (41)}) (17...
c5 $5 {Ftacnik} 18. d5 exd5 19. exd5 Re8 20. Nd2 Nh5 21. Be3 cxb3 22. axb3 Nb8
$13) (17... cxb3 $2 {Ftacnik} 18. axb3 Bb7 19. Rxa7 Ba8 20. Ne5 $16) 18. h3
$146 {An over the board novelty. My idea was to make a useful waiting move,
while Black has to find second useful move in a row.} ({Earlier White played} 
18. Nd2 {trying to provoke an exchange on b3. The main drawback of the move is
the fact that the d4-pawn remains unprotected.} e5 (18... Bb4 19. Nxc4 Bxc4 20.
bxc4 e5 21. dxe5 Nxe5 22. Qb3 $11 {0-1 Rausis,I (2533)-Lautier,J (2666)/
Gonfreville 2003/EXT 2004 (38) and the position is similar to 18...e5.}) (18...
c5 19. d5 e5 20. Be3 Ng4 21. bxc4 Nxe3 22. fxe3 Bg5 23. Qd3 Nf6 24. Bh3 Rd8 25.
a4 Bc8 26. Bxc8 Rxc8 27. Rf1 Ng4 28. Rf3 Rd8 29. h3 Nf6 30. a5 $14 {1-0 Markus,
R (2532)-Bilobrk,F (2338)/Neum 2004/CBM 102 (60) and White creates pressure on
b6, while Black is short of counterplay.}) 19. dxe5 Ng4 20. Nxc4 Bxc4 21. bxc4
Bc5 22. Rd2 Ngxe5 {1/2-1/2 Izoria,Z (2553)-Komarov,D (2566)/France 2004/EXT
2005. Probably White could have tried to play on by means of} 23. Rad1 Qe6 24.
Qb3 $11 {, but Black seems to have sufficient counterplay thanks to the
weakness of the c4-pawn.}) 18... Bb4 $5 {[%csl Re4]} 19. e5 {An aggressive
continuation. White wants to exploit the fact that Black's dark-squared bishop
left the e7-square and concentrates on attack.} Bxc3 (19... Nd5 {with the idea}
20. Ne4 f5 $1 {deserved serious attention. Now after} 21. Nd6 Bxd6 22. exd6 c3
{Black should be ok.}) 20. exf6 $5 {An interesting positional exchange
sacrifice. It will be compensated for by the open position of the black king.}
Bxa1 21. fxg7 Kxg7 22. bxc4 $5 {[%csl Ra1,Rg7] White can allow this move since
the bishop on a1 is trapped.} (22. Rxa1 $44) 22... e5 (22... c5 $5 {wins a
pawn, but White retains good compensation after} 23. Rxa1 cxd4 24. Nxd4 Rxc4
25. Qb2 f6 26. Bd6 $44) 23. Nxe5 Nxe5 24. Bxe5+ f6 25. Bd6 Rf7 (25... Rg8 $5)
26. Rxa1 $14 {With a pawn for an exchange and the weakened position of Black's
king White has nothing to worry about. Moreover the strong bishop on d6
restricts the mobility of Black's heavy pieces.} Qe6 {Thanks to this double
attack Black provokes weakening of the d5-square.} 27. c5 Bc4 28. Qd2 (28. Be4
$1 {[%cal Ge4h7,Ge4f5] with the threats of Bxh7 and Bf5 was very unpleasant.}
f5 29. Bf3 Bd5 30. Be5+ Kg8 31. Bh5 $14 {and White dominates.}) 28... Bd5 29.
Re1 Qd7 30. Bxd5 cxd5 {Black has managed to exchange the light-squared bishops
and thus made his task easier.} 31. g4 {White protects the h3-pawn, but allows
an exchange of rooks hoping to exploit the bad position of the f7-rook.} (31.
Qe3 $5 {taking control over the e-file is connected with a temporary pawn
sacrifice.} Qxh3 32. Qf3 {Now Black can't protect the d5-pawn.} Kg6 33. Qxd5
Qf5 34. Qb3 h5 $11 {with an approximately equal position.}) 31... Re8 $1 32.
Re3 Rxe3 33. Qxe3 bxc5 34. dxc5 h6 {Black prevents attacking ideas connected
with the move g5.} 35. Kg2 $5 {[%cal Gg2g3,Gg3h4,Gh4h5] Preparing the
manoeuvre of the king to h5.} Qa4 36. Kg3 Qxa2 37. Kh4 (37. c6 {was sufficient
for a draw, but I was looking for more.} Qc4 38. Qe6 a5 39. Bf4 {[%cal Gf4h6]}
Qe4 $1 40. Qc8 Qd3+ 41. f3 Qd4 42. c7 Qg1+ 43. Kh4 Qf2+ 44. Bg3 Qe3 45. Bd6
Qg5+ 46. Kg3 Qc1 $11 {with the perpetual on the e1- and d2-squares.}) 37... Qc2
$1 {Preparing to meet 38.Kh5 with Qg6.} 38. f4 {[%cal Gf4f5,Gh4h5] After f5
White renews a threat of Kh5.} (38. Kh5 $2 Qg6+ 39. Kh4 Qg5+ $19) 38... Qc4 (
38... h5 $5 39. f5 $1 hxg4 40. hxg4 $11 {and White's activity compensates for
the exchange.}) 39. Kh5 (39. f5 {was safer and secured a draw, but that wasn't
my intention when I brought my king into the attack.} d4 40. Qe8 d3 41. Bf8+ $1
Kh7 (41... Rxf8 42. Qg6+ $11) 42. Bxh6 $1 a5 43. c6 a4 44. Bf4 $1 {[%cal Gc6c7]
} d2 45. Bxd2 a3 46. Bf4 $1 a2 47. c7 a1=Q 48. c8=Q Qxc8 49. Qxf7+ Kh8 50. Qh5+
Kg8 51. Qg6+ $11 {with perpetual.}) 39... d4 $2 $138 {In time trouble Black
loses the thread.} (39... Qe4 $1 40. Qxe4 dxe4 41. c6 e3 42. c7 e2 43. c8=Q
e1=Q 44. Qf5 Qe8 $1 45. Qg6+ Kh8 46. Bc5 Qg8 $1 47. Qf5 $1 $44 {The position
is approximately equal.}) 40. Qe4 $138 Qb3 $1 41. h4 {and Black overstepped
the time limit in a lost position.} (41. h4 {The game could continue} Kh8 ({
Other moves don't help either.} 41... d3 42. c6 d2 43. Qg6+ Kh8 44. c7 Rxc7 45.
Bxc7 d1=Q ({or} 45... Qg8 46. Qxf6+ Qg7 47. Qd8+ Kh7 48. Qd3+ Kg8 49. Be5 $1
Qf7+ 50. Kxh6 Qe6+ 51. Kh5 Qf7+ 52. Kg5 Qe7+ 53. Bf6 $18 {White escapes the
checks and wins.}) 46. Kxh6 $1 {[%csl Rh8] The peak of the king's activity!}
Qd7 47. Qxf6+ Kg8 48. Qg6+ $1 Kf8 49. Bd6+ $18) (41... f5 42. Be5+ Kg8 43. Qc6
Re7 44. Qg6+ Kf8 45. Bd6 Qf7 46. c6 Qxg6+ 47. Kxg6 Ke8 48. Bxe7 Kxe7 49. gxf5
d3 50. f6+ $18 {and White promotes with check.}) 42. Kxh6 $1 {[%cal Ge4e8]} Rg7
43. Bf8 $1 Rb7 (43... Qf7 44. Bxg7+ Qxg7+ 45. Kh5 $18) 44. c6 Rc7 45. Bd6 Rg7
46. g5 $1 Qg8 (46... fxg5 47. Bf8 $1 Qf7 ({or} 47... Rf7 48. Qe5+ $1 Kg8 49.
Qxg5+ $1 Kh8 (49... Kxf8 50. Qd8#) 50. Bg7+ Kg8 51. Qd8+ Rf8 52. Qxf8#) 48.
Bxg7+ Qxg7+ 49. Kh5 gxf4 50. Qxf4 $18 {and the c-pawn decides the game.}) 47.
g6 $1 $18) 1-0

[Event "BLR-ch"]
[Site "Minsk"]
[Date "1996.??.??"]
[Round "3"]
[White "Mochalov, Evgeny Veniaminovic"]
[Black "Aleksandrov, Aleksej"]
[Result "1/2-1/2"]
[WhiteElo "2515"]
[BlackElo "2535"]
[Annotator "Mochalov,E"]
[PlyCount "76"]
[EventDate "1996.??.??"]
[EventType "tourn"]
[EventRounds "11"]
[EventCountry "BLR"]
[EventCategory "7"]
[SourceTitle "CBM 053 Extra"]
[Source "ChessBase"]
[SourceDate "1996.09.01"]
[SourceVersion "1"]
[SourceVersionDate "1996.09.01"]
[SourceQuality "1"]

1. g3 d5 2. Nf3 Nf6 3. Bg2 e6 4. d4 Be7 5. c4 O-O 6. O-O c6 7. Qc2 b6 8. Rd1
Nbd7 9. b3 Bb7 10. Nc3 Rc8 11. e4 dxe4 12. Nxe4 Nxe4 13. Qxe4 Qc7 $6 (13... Nf6
$5) 14. Bf4 Bd6 15. Bxd6 Qxd6 16. c5 $1 $16 Qc7 (16... bxc5 17. dxc5 Nxc5 18.
Qb4 Qe7 19. Rac1 $18) 17. b4 Nf6 18. Qc2 $6 (18. Qe1 $5 $16) 18... Rfd8 19. a3
bxc5 20. dxc5 a5 21. Ng5 Ba6 22. Rxd8+ Rxd8 23. Rd1 axb4 24. axb4 Bb5 $10 25.
Ne4 Nxe4 26. Bxe4 g6 27. Bd3 Bxd3 28. Rxd3 Qb8 $2 (28... Rd5 $1 $10) 29. Rxd8+
$2 (29. b5 $1 cxb5 (29... Rxd3 30. Qxd3 cxb5 31. c6 $16) 30. c6 Rc8 31. Qc5 $1
Qc7 (31... b4 32. Rd7 b3 33. Qe7 Rf8 34. c7 Qa8 35. Rd8 $18) 32. Rd7 Qa5 (32...
Qxc6 33. Rd8+ Rxd8 34. Qxc6 Rd5 $16) 33. Qe5 $3 Rxc6 34. Qf4 Qa1+ 35. Kg2 Qg7
36. Rd8+ $18) 29... Qxd8 30. Qe4 Qd7 (30... Qd5 $10) 31. Kf1 Kf8 32. Ke2 h5 33.
b5 cxb5 34. c6 Qd6 $1 35. Qc2 Qe5+ (35... Qc7 36. Qc5+ Ke8 37. Qxb5 $14) 36.
Kf1 Ke7 37. c7 Qa1+ 38. Ke2 (38. Kg2 $4 Qa8+ 39. Kg1 Kd7 $17) 38... Qe5+
1/2-1/2

[Event "Cappelle op 15th"]
[Site "Cappelle la Grande"]
[Date "1999.??.??"]
[Round "?"]
[White "Rausis, Igors"]
[Black "Payen, Arnaud"]
[Result "0-1"]
[WhiteElo "2508"]
[BlackElo "2415"]
[Annotator "Payen,A"]
[PlyCount "78"]
[EventDate "1999.02.13"]
[EventType "swiss"]
[EventRounds "9"]
[EventCountry "FRA"]
[SourceTitle "EXT 2017"]
[Source "ChessBase"]
[SourceDate "2016.10.25"]
[SourceVersion "1"]
[SourceVersionDate "2016.10.25"]
[SourceQuality "1"]

1. d4 d5 2. Nf3 Nf6 3. c4 e6 4. g3 c6 5. Qc2 Nbd7 6. Bg2 b6 7. O-O Bb7 8. Rd1
Rc8 {[%cal Gc8c2]} (8... Be7 {Renet,O (2505)-Relange,E (2365) FRA-ch Nantes
1993 (6) 1-0}) 9. Nc3 Ba8 (9... dxc4 10. Ne5 Be7 {Tasic,B (2290)-Relange,E 
(2430) FRA-chT France 1994 (4) 1/2} (10... Nxe5 $2 11. dxe5 Nd7 12. Ne4 Qc7 13.
Nd6+ Bxd6 14. exd6 Qb8 15. Qxc4)) 10. b3 (10. e4 dxc4 11. Qe2 b5 12. d5 $1 {
[%csl Re8][%cal Ge2e8]}) 10... Be7 11. e4 Nxe4 12. Nxe4 dxe4 13. Qxe4 O-O 14.
Qc2 Qe8 $146 ({RR} 14... Bf6 15. Ne5 Qc7 16. Ng4 Be7 17. Bf4 Bd6 18. Bxd6 Qxd6
19. c5 bxc5 20. dxc5 Qxc5 21. Qxc5 Nxc5 22. Rac1 Na6 23. Rd7 Rc7 24. Rxc7 Nxc7
25. Ne5 Rd8 26. Nxc6 Bxc6 27. Rxc6 Rd7 28. a4 Kf8 29. Kf1 {Sorokin,M (2510)
-Akopian,V (2590)/Moscow 1991/URS-ch/1/2-1/2 (61)}) 15. Ng5 g6 16. Ne4 f5 17.
Ng5 Bxg5 18. Bxg5 $16 c5 19. d5 $36 e5 20. Re1 Qf7 21. Rad1 Rfe8 22. f3 Qf8 23.
Qc3 Qd6 24. Re2 b5 25. cxb5 $6 c4 26. bxc4 Nb6 27. Be3 Rxc4 28. Qe1 Rb4 29. f4
$2 (29. Bd4 {[%csl Re5][%cal Ge2e8]}) 29... e4 30. g4 fxg4 31. Bd4 Bxd5 32. Ba1
Qc5+ 33. Kh1 e3 34. Rc1 Rc4 35. Rxc4 Qxc4 36. Kg1 Bxg2 37. Kxg2 Nd5 38. Kg1
Nxf4 39. Rxe3 Qc5 0-1

[Event "EU-Cup 27th"]
[Site "Rogaska Slatina"]
[Date "2011.09.26"]
[Round "2"]
[White "Pelletier, Yannick"]
[Black "Huzman, Alexander"]
[Result "1/2-1/2"]
[WhiteElo "2584"]
[BlackElo "2607"]
[Annotator "Pelletier,Y"]
[PlyCount "163"]
[EventDate "2011.09.25"]
[EventType "team-swiss"]
[EventRounds "7"]
[EventCountry "SLO"]
[SourceTitle "CBM 145"]
[Source "ChessBase"]
[SourceDate "2011.11.11"]
[SourceVersion "1"]
[SourceVersionDate "2011.11.11"]
[SourceQuality "1"]
[WhiteTeam "Zuerich"]
[BlackTeam "Beer Sheva"]
[WhiteTeamCountry "SUI"]
[BlackTeamCountry "ISR"]

1. Nf3 d5 2. d4 Nf6 3. c4 e6 4. g3 Bb4+ 5. Bd2 Be7 6. Bg2 O-O 7. O-O Nbd7 8.
Qc2 c6 9. Bf4 b6 10. Rd1 Bb7 11. Ne5 Nh5 12. Bd2 Nhf6 {Nach meiner unnötigen
und lächerlichen Niederlage gegen Volokitin an der Einzel-EM habe ich ein
bisschen gearbeitet.} 13. cxd5 cxd5 14. Nc6 Bxc6 15. Qxc6 Rc8 16. Qa4 {Diese
Neuerung ändert kaum die Einschätzung der Variante, aber leitet einen neuen
Plan ein.} Qc7 17. Nc3 Qb7 18. Rdc1 a6 19. Qd1 b5 20. e3 {Der erste Teil der
Umgruppierung ist vollständig. Weiß will nun seinen Nc3 nach d3 bringen.} Nb6
21. Be1 Ne4 (21... Nc4 22. Rc2 {[%cal Gc3e2,Ge2c1,Gc1d3]}) 22. Ne2 Na4 23. Rab1
({Natürlich nicht} 23. b3 $4 Nb2 $19 {[%csl Rd1]}) 23... Bd6 24. Rxc8 ({
Die schwarzen Springer mittels} 24. f3 Nf6 25. b3 Nb6 {sofort zu verjagen, war
auch möglich. Trotzdem entschied ich mich dafür, die Stellung meines Springers
zuerst zu verbessern. Vielleicht dachte ich, dass Schwarz hier irgendwie e6-e5
durchsetzten könnte?!}) 24... Rxc8 25. Nc1 Qc6 26. Nd3 Qc2 {Weiß hat nichts
gegen Damentausch, muss aber aufpassen, dass alle andere Figuren auf dem Brett
bleiben.} 27. Bf3 $6 {Diese Ungenauigkeit erlaubt eine taktische
Abtauschoperation, die uns beiden entgangen ist.} ({Besser war} 27. Qxc2 Rxc2 {
, was ich wegen} 28. Bf3 $14 Nd2 $140 $6 29. Bd1 Rc3 {verwarf. Ich übersah
aber die Widerlegung} 30. Bxd2 Rxd3 31. Be1 $1 $16 {[%cal Gd1c2]}) 27... Qxd1
$6 (27... Nd2 $1 {wäre eine unnette Überraschung gewesen, da Schwarz nach} 28.
Bxd2 Qxd3 29. Be2 Qc2 30. Rc1 Qxd1+ 31. Bxd1 Rxc1 32. Bxc1 $11 {keine Probleme
hat.}) 28. Bxd1 Nb6 29. f3 Nf6 30. b3 $14 Nfd7 31. Ba5 Kf8 32. Kf2 Ke8 33. Ke2
Be7 34. g4 Bd8 35. Bb4 Be7 36. Ba5 Bd8 37. Be1 a5 $6 {Dieser Bauerntausch hat
nur für Weiß gute Konsequenzen: eine zweite Linie wird am Damenflügel geöffnet,
wo er eben besser steht.} ({Schwarz musste einfach mittels} 37... Be7 {
abwarten. Zur nächsten Etape des weissen Plans gehört die Aktivierung seines
Turmes:} 38. Bg3 Ba3 39. Kd2 Ke7 40. Be2 h6 41. h4 {[%cal Gb1h1]}) 38. Bxa5 Ra8
39. Bd2 Rxa2 40. Nb4 Ra8 41. Bc2 Nc8 42. Rb2 {Der Turmtausch erleichtert die
schwarze Verteidigung. Ich sah hier einige vielversprechende Fortsetzungen,
und konnte leider die beste nicht bestimmen.} ({Der einfache Weg} 42. Bd3 Nd6
43. Rc1 h6 44. h3 $16 {war vielleicht am unangenehmsten für den Gegner, der
passiv bleiben muss.}) ({Auch in Betracht kam} 42. e4 dxe4 43. Bxe4 Ra3 44. Bc6
Na7 45. Bb7 {Aber mir war unklar, ob diese Strukturänderung meinem Läuferpaar
oder einem schwarzen Springer (Feld d5) zugute kommt.}) 42... Nd6 43. Ra2 $6 ({
Für} 43. Bd3 {war es nicht zu spät.}) 43... Rxa2 44. Nxa2 Nb8 45. Bb4 Be7 46.
Bd3 Kf8 $1 {Ein tiefer Zug, dessen Sinn bald klar wird.} 47. h3 ({In den
Varianten} 47. Nc3 Nc6 48. Bxd6 ({und} 48. Bc5 Na5) 48... Bxd6 49. Bxb5 {
versteht man, warum der schwarze König weder nach d8 gehen, noch auf e8
bleiben musste.}) (47. Bc5 Nc6) 47... Nc6 48. Bxd6 (48. Bc5 Na5) 48... Bxd6 49.
Bxb5 Nb4 {Die Anwesenheit ungleichfarbiger Läufer kompensieren den verlorenen
Bauern und gibt Schwarz gute Remischancen.} 50. Nc3 e5 $6 ({Hätte Huzman meine
Erwiderung gesehen, hätte er vermutlich eine Abwartestrategie bevorzugt:} 50...
h6 {Ich sehe dann keinen Plan, um Fortschritte zu machen, denn Springertausch
würde leider das Unentschieden bedeuten.}) 51. Bd3 $1 ({Nach} 51. dxe5 Bxe5 {
könnte Weiß d5-d4 mit weiterer Vereinfachung nicht verhindern.}) 51... exd4 52.
Nb5 Bc5 53. Nxd4 g6 ({Im Falle von} 53... h6 {müsste Schwarz immer mit Nf5
rechnen.}) 54. f4 Ke7 55. Nf3 h6 56. h4 Nc6 57. Bb5 Nb4 58. Kd2 Bb6 59. Nd4 (
59. g5 $6 hxg5 60. hxg5 {wäre nur schön, aber leider nicht für einen
Durchbruch geeignet.}) ({Die richtige Spielweise bestand in} 59. h5 gxh5 60.
gxh5 Ba5 61. Ke2 $14 {[%cal Gf3h4,Gh4f5] Ich denke aber, dass Schwarz bei
guter Verteidigung sich halten sollte.}) 59... Bc5 60. Bd3 Kd6 61. h5 $6 {
Danach kann Schwarz eine Festung bauen.} ({Wie früher erklärt, hätte Weiß
diesen Bauernzug mittels} 61. Nf3 {[%cal Gh4h5] vorbereiten sollen.}) 61...
Bxd4 $1 62. exd4 gxh5 63. gxh5 Kc6 ({Nicht aber} 63... Nxd3 $2 64. Kxd3 Kc6 65.
Kc2 Kb5 66. Kb1 Kb4 67. Kb2 Ka5 68. Ka3 Kb5 69. b4 Kc4 70. Ka4 Kxd4 71. b5 Kc5
72. Ka5 $18) 64. Kc3 (64. Bg6 f6) 64... Na2+ 65. Kb2 Nb4 66. Kc3 Na2+ 67. Kb2
Nb4 68. Bb1 Kb6 69. Kc3 Ka5 70. Bh7 Kb5 71. Bg8 f6 72. Bf7 Na2+ 73. Kb2 Nb4 74.
Kc3 Na2+ 75. Kd2 Nb4 76. Ke2 Kc6 77. Bg6 Kd6 78. Bh7 Kc7 79. Kd2 Kb6 80. Ke3
Kc7 81. Kd2 Kb6 82. Kc3 1/2-1/2